Textbook of Dietary Supplements and Nutraceuticals (Record no. 12695)

MARC details
000 -LEADER
fixed length control field 00469nam a22001817a 4500
003 - CONTROL NUMBER IDENTIFIER
control field OSt
008 - FIXED-LENGTH DATA ELEMENTS--GENERAL INFORMATION
fixed length control field 240514b |||||||| |||| 00| 0 eng d
020 ## - INTERNATIONAL STANDARD BOOK NUMBER
International Standard Book Number 9788176603850
082 ## - DEWEY DECIMAL CLASSIFICATION NUMBER
Classification number 613.2 ZAT
100 ## - MAIN ENTRY--PERSONAL NAME
Personal name ZAWAR, Laxmikant.R
245 ## - TITLE STATEMENT
Title Textbook of Dietary Supplements and Nutraceuticals
260 ## - PUBLICATION, DISTRIBUTION, ETC. (IMPRINT)
Place of publication, distribution, etc Pune
Name of publisher, distributor, etc Everst
Date of publication, distribution, etc 2022
300 ## - PHYSICAL DESCRIPTION
Extent 224
650 ## - SUBJECT ADDED ENTRY--TOPICAL TERM
Topical term or geographic name as entry element HARBAL DRUG TECHNOLOGY
700 ## - ADDED ENTRY--PERSONAL NAME
Personal name Pingale, Prashant.L
700 ## - ADDED ENTRY--PERSONAL NAME
Personal name Rane, Bushan.R
942 ## - ADDED ENTRY ELEMENTS (KOHA)
Source of classification or shelving scheme Dewey Decimal Classification
Koha item type Text Books
Holdings
Withdrawn status Lost status Source of classification or shelving scheme Damaged status Not for loan Collection code Home library Current library Date acquired Source of acquisition Currency Cost, normal purchase price Bill Number Total Checkouts Full call number Acc. no. / Barcode Date last seen Actual Cost, discounted price Bill Date Koha item type Date last borrowed
    Dewey Decimal Classification     B.Pharma PIET C-LIBRARY PIET C-LIBRARY 10/05/2024 ZAFAA BOOKS RUPEES 264.00 ZBDOO21   613.2 ZAT BP2562 14/05/2024 198.00 06/05/2024 Reference Books  
    Dewey Decimal Classification     B.Pharma PIET C-LIBRARY PIET C-LIBRARY 10/05/2024 ZAFAA BOOKS RUPEES 264.00 ZBDOO21   613.2 ZAT BP2563 14/05/2024 198.00 06/05/2024 Text Books  
    Dewey Decimal Classification     B.Pharma PIET C-LIBRARY PIET C-LIBRARY 10/05/2024 ZAFAA BOOKS RUPEES 264.00 ZBDOO21   613.2 ZAT BP2564 14/05/2024 198.00 06/05/2024 Text Books  
    Dewey Decimal Classification     B.Pharma PIET C-LIBRARY PIET C-LIBRARY 10/05/2024 ZAFAA BOOKS RUPEES 264.00 ZBDOO21   613.2 ZAT BP2565 14/05/2024 198.00 06/05/2024 Text Books  
    Dewey Decimal Classification     B.Pharma PIET C-LIBRARY PIET C-LIBRARY 10/05/2024 ZAFAA BOOKS RUPEES 264.00 ZBDOO21 1 613.2 ZAT BP2566 25/02/2025 198.00 06/05/2024 Text Books 16/05/2024

Design & Developed by: PIET Central Library
R70 Miles Stone Pattikalyana Samalkha Panipat 132102
mail ID :- [email protected], Phone No:- 0180-2569700 Ex.216